书目信息 |
| 题名: |
见微知著,趣说日本文化
|
|
| 作者: | 王静 著 | |
| 分册: | ||
| 出版信息: | 北京 中国旅游出版社 2020 |
|
| 页数: | 199页 | |
| 开本: | 24cm | |
| 丛书名: | ||
| 单 册: | ||
| 中图分类: | G131.32 , G131.3 | |
| 科图分类: | ||
| 主题词: | 文化--介绍--日本 | |
| 电子资源: | ||
| ISBN: | 978-7-5032-6436-8 | |
| 000 | 00792nam0 2200229 450 | |
| 001 | 2040929616 | |
| 005 | 20201128112244.12 | |
| 010 | @a978-7-5032-6436-8@dCNY48.00 | |
| 100 | @a20200323d2020 em y0chiy50 ea | |
| 101 | 0 | @achi |
| 102 | @aCN@b110000 | |
| 105 | @aab z 000yy | |
| 200 | 1 | @a见微知著,趣说日本文化@9jian wei zhi zhu,qu shuo ri ben wen hua@b专著@f王静著 |
| 210 | @a北京@c中国旅游出版社@d2020 | |
| 215 | @a199页@c图,照片,地图@d24cm | |
| 330 | @a本书介绍了日本的服装、饮食、建筑、交通的历史以及现在,挑选文化现象,挖掘表象背后的文化内涵,可以作为日本旅行前的知识准备,也可以作为旅行归来后的疑问解答。 | |
| 606 | 0 | @a文化@x介绍@y日本 |
| 690 | @aG131.32@v5 | |
| 690 | @aG131.3@v4 | |
| 701 | 0 | @a王静@9wang jing@4著 |
| 801 | 2 | @aCN@b58marc.cn@c20200424 |
| 905 | @aMUSE@dG131.3@e2 | |
| 见微知著,趣说日本文化/王静著.-北京:中国旅游出版社,2020 |
| 199页:图,照片,地图;24cm |
| ISBN 978-7-5032-6436-8:CNY48.00 |
| 本书介绍了日本的服装、饮食、建筑、交通的历史以及现在,挑选文化现象,挖掘表象背后的文化内涵,可以作为日本旅行前的知识准备,也可以作为旅行归来后的疑问解答。 |
| ● |
| 相关链接 |
|
|
|
正题名:见微知著,趣说日本文化
索取号:G131.3/2
 
预约/预借
| 序号 | 登录号 | 条形码 | 馆藏地/架位号 | 状态 | 备注 |
| 1 | 871986 | 2000871986 | 第二书库/ [索取号:G131.3/2] | 在馆 | |
| 2 | 871987 | 2000871987 | 第二书库/ [索取号:G131.3/2] | 在馆 | |
| 3 | 871988 | 2000871988 | 第二书库/ [索取号:G131.3/2] | 在馆 |